Online
Catalog

Don Joaquín Rivera y su tiempo / (Record no. 2219)

MARC details
000 -CABECERA
campo de control de longitud fija 00734cam a2200193 a 4500
001 - NÚMERO DE CONTROL
campo de control 000002379
005 - FECHA Y HORA DE LA ÚLTIMA TRANSACCIÓN
campo de control 20200929150206.0
008 - DATOS DE LONGITUD FIJA--INFORMACIÓN GENERAL
campo de control de longitud fija 770725s1965 ho b f001 0bspa
040 ## - FUENTE DE LA CATALOGACIÓN
Centro catalogador/agencia de origen DO-SdBNP
Lengua de catalogación spa
Centro/agencia transcriptor BNPHU
082 ## - NÚMERO DE LA CLASIFICACIÓN DECIMAL DEWEY
Número de clasificación 972.83
Número de documento/Ítem D964d
100 1# - ENTRADA PRINCIPAL--NOMBRE DE PERSONA
Nombre de persona Durón y Gamero, Rómulo Ernesto,
Fechas asociadas al nombre 1865-1942
9 (RLIN) 7560
245 10 - MENCIÓN DE TÍTULO
Título Don Joaquín Rivera y su tiempo /
Mención de responsabilidad, etc. Rómulo Ernesto Durón y Gamero.
260 ## - PUBLICACIÓN, DISTRIBUCIÓN, ETC.
Lugar de publicación, distribución, etc. Tegucigalpa, Honduras :
Nombre del editor, distribuidor, etc. Ministerio de Educación Pública,
Fecha de publicación, distribución, etc. 1965.
300 ## - DESCRIPCIÓN FÍSICA
Extensión v. ;
Dimensiones 20 cm.
440 #0 - MENCIÓN DE SERIE/PUNTO DE ACCESO ADICIONAL--TÍTULO
Título Rómulo E. Durón ;
Designación de volumen o secuencia no. 3
9 (RLIN) 7561
504 ## - NOTA DE BIBLIOGRAFÍA, ETC.
Nota de bibliografía, etc. Incluye referencias bibliográficas y notas al pie de las páginas
651 #4 - PUNTO DE ACCESO ADICIONAL DE MATERIA--NOMBRE GEOGRÁFICO
Nombre geográfico Honduras
Subdivisión general Historia
-- Política Y Gobierno
9 (RLIN) 7562
600 10 - PUNTO DE ACCESO ADICIONAL DE MATERIA--NOMBRE DE PERSONA
Nombre de persona RIVERA, JOAQUÍN,
Fechas asociadas al nombre 1795-1845.
9 (RLIN) 7563
Holdings
Estado de retiro Estado de pérdida Restricciones de uso No para préstamo Código de colección Localización permanente Ubicación/localización actual Ubicación en estantería Fecha de adquisición Número de inventario Total de préstamos Signatura topográfica completa Código de barras Fecha visto por última vez Precio válido a partir de Tipo de ítem Koha
    Préstamo interno   Monografías: Libros y Folletos General General Depósito 07.07.2009 LF1   972.83 D964d 2379-10 25.06.2020 25.06.2020 Préstamo interno

Powered by Koha